书目信息 |
| 题名: |
建筑、工程与环境
|
|
| 作者: | 霍克斯, , 福斯特, 著 ;张威 译 | |
| 分册: | ||
| 出版信息: | 大连 大连理工大学出版社 2003.03 |
|
| 页数: | 240页, [1] 页图版 | |
| 开本: | 29cm | |
| 丛书名: | ||
| 单 册: | ||
| 中图分类: | TU-8 | |
| 科图分类: | ||
| 主题词: | 建筑艺术--jian zhu yi shu , 建筑设计--jian zhu she ji--案例--世界 | |
| 电子资源: | ||
| ISBN: | 7-5611-2143-1 | |
| 000 | 01352nam0 2200289 45 | |
| 001 | 012006043781 | |
| 005 | 20061219101102.37 | |
| 010 | @a7-5611-2143-1@b精装@dCNY198.00 | |
| 100 | @a20061123d2003 km y0chiy0120 ea | |
| 101 | 1 | @achi@ceng |
| 102 | @aCN@b210000 | |
| 105 | @aaf z 001yy | |
| 200 | 1 | @a建筑、工程与环境@Ajian zhu、gong cheng yu huan jing@d= Architecture, Engineering and Environment@f迪恩·霍克斯 (Dean Hawkes), 韦恩·福斯特 (Wayne Forster) 著@Fdi en·huo ke si(Dean Hawkes),wei en·fu si te(Wayne Forster)zhu@g张威等译@Gzhang wei deng yi@zeng |
| 210 | @a大连@c大连理工大学出版社@d2003.03 | |
| 215 | @a240页, [1] 页图版@c图 (部分彩图)@d29cm | |
| 305 | @a据2002年英文版译出 | |
| 320 | @a有索引 | |
| 330 | @a本书主要讲述在建筑环境控制的过程中, 建筑设计师与工程师如何通力合作, 自18世纪工业革命开始, 建筑设计师与工程师们便为如何在建筑中为舒适度创造新标准而不断地共同努力, 并由此引发了建筑本质的根本性转变。全书附有300 张插图, 其中彩图175 幅。 | |
| 510 | 1 | @aArchitecture, Engineering and Environment@zeng |
| 606 | 0 | @a建筑艺术@Ajian zhu yi shu |
| 606 | 0 | @a建筑设计@Ajian zhu she ji@x案例@y世界 |
| 690 | @aTU-8@v4 | |
| 701 | 1 | @a霍克斯,@Ahuo ke si,@bD.@g(Hawkes, Dean)@4著 |
| 701 | 1 | @a福斯特,@Afu si te,@bW.@g(Forster, Wayne)@4著 |
| 702 | 0 | @a张威@Azhang wei@4译 |
| 801 | 0 | @aCN@c20061219 |
| 905 | @a10447@dTU-8@eH968 | |
| 建筑、工程与环境= Architecture, Engineering and Environment/迪恩·霍克斯 (Dean Hawkes), 韦恩·福斯特 (Wayne Forster) 著/张威等译.-大连:大连理工大学出版社,2003.03 |
| 240页, [1] 页图版:图 (部分彩图);29cm |
| ISBN 7-5611-2143-1(精装):CNY198.00 |
| 本书主要讲述在建筑环境控制的过程中, 建筑设计师与工程师如何通力合作, 自18世纪工业革命开始, 建筑设计师与工程师们便为如何在建筑中为舒适度创造新标准而不断地共同努力, 并由此引发了建筑本质的根本性转变。全书附有300 张插图, 其中彩图175 幅。 |
| ● |
| 相关链接 |
|
|
|
正题名:建筑、工程与环境
索取号:TU-8/H968
 
预约/预借
| 序号 | 登录号 | 条形码 | 馆藏地/架位号 | 状态 | 备注 |
| 1 | 228520 | 202285204 | 建筑库101/101建筑库 15排3列5层/ [索取号:TU-8/H968] | 在馆 |